000 00205nam a2200097Ia 4500
008 240331s9999 xx 000 0 und d
082 _bMAN
100 _aManoharan, K
245 0 _aVaralarttup por
942 _cL
999 _c2360
_d2360